| 000 | 00617nam a2200229Ia 4500 | ||
|---|---|---|---|
| 003 | OSt | ||
| 005 | 20220918182056.0 | ||
| 006 | a|||||r|||| 00| 0 | ||
| 007 | ta | ||
| 008 | 220917b |||||||| |||| 00| 0 eng d | ||
| 024 | _a30,508 | ||
| 037 | _cTextual | ||
| 040 |
_aARTS _cARTS _beng |
||
| 041 |
_2eng _aeng |
||
| 082 | _aO111,3M57j, L6 (WO) | ||
| 100 | _aSherry Norman ed | ||
| 245 | 0 |
_aJoseph Conrad _b a commemoration |
|
| 260 |
_aLondon _bMacmillan _c1976 |
||
| 300 |
_axvi,224p. _ccm. |
||
| 942 |
_hO111,3M57j, L6 (WO) _cTEXL _2CC |
||
| 999 |
_c167808 _d167808 |
||